Religion Quiz

Random Religion Quiz

Saints by Patronage 2 Quiz Stats

 Plays Quiz not verified by Sporcle

Challenge
Share
Tweet
Embed
Score 0/31 Timer 15:00
0 Plays Today
Patronage Name % Correct
French CanadaJohn the Baptist
60.7%
Jurors/Jury DutyJohn of Capistrano
57.1%
Altar Boys/GirlsJohn Berchmans
57.1%
Hairdressers & Repentant WomenMary Magdalene
53.6%
Scotland & RussiaAndrew
46.4%
Women in LabourAnn
35.7%
AuthorsPaul
21.4%
BricklayersStephen the Great
17.9%
Sick AnimalsNicholas of Tolentino
17.9%
Stonemasons & HorsesStephen
17.9%
CooksMartha
14.3%
Tanners and SawyersSimon the Zealot
14.3%
Inflammatory DiseasesBenedict
10.7%
Expectant MothersMargaret the Virgin
10.7%
Young StudentsAloysius Gonzaga
3.6%
ArthritisAlphonsus Liguori
3.6%
Patronage Name % Correct
Gamblers, Unemployed PeopleCajetan
3.6%
Doctors and PhysiciansCosmas & Damian
3.6%
Scientists, Natural History & Cincinnati, OhioAlbert the Great
3.6%
Travelling Agricultural LabourersBotulph
0%
BachelorsTheobald of Provins
0%
Arms Dealers, Soldiers and PlaguesAdrian of Nicomedia
0%
Blood Banks & Volcanic EruptionsJanuarius
0%
CrampMaurice
0%
GlovemakersGummarus
0%
Conscientious Objectors Marcellus the Centurion (of Tangier)
0%
FirefightersEustachius
0%
GardenersTryphon
0%
RainOdo of Cluny
0%
ArchaeologistsDamasus
0%
Stiff NecksUrsicinus of Saint Ursanne
0%

You're not logged in!

Compare scores with friends on all Sporcle quizzes.
OR
Log In

You Might Also Like...

Show Comments

Extras

Top Quizzes Today


Score Distribution

Your Account Isn't Verified!

In order to create a playlist on Sporcle, you need to verify the email address you used during registration. Go to your Sporcle Settings to finish the process.

Report this User

Report this user for behavior that violates our Community Guidelines.

Details: